00445nam a22001937a 450000500170000001000110001702000220002803500110005003700160006108200110007710000170008824500430010526000410014827000150018930000200020465000140022465000100023870000030024820170124110130.0 a846969 c00.00a0340008644 a846969 bCen Lib/Ret aNbMAR aMarric, J.J. aThe gideon omnibus /cby J.J. Marric  aLondon bHodder and stoughton c1955 bLondon a  a565p.c18cm(Hb) aLitarure  aNovel